Statistics for Madonna Singles Quiz

Click here to take the quiz!

General Stats

  • This quiz has been taken 2,127 times
  • The average score is 35 of 78

Answer Stats

Answer% Correct
Like a Virgin
96%
Vogue
90%
Like a Prayer
89%
Papa Don't Preach
83%
Material Girl
80%
Holiday
79%
La Isla Bonita
77%
Music
74%
Frozen
71%
True Blue
68%
Hung Up
67%
Ray of Light
67%
Borderline
64%
Into the Groove
63%
Lucky Star
63%
Erotica
62%
Express Yourself
61%
4 Minutes
58%
American Pie
58%
Don't Cry For Me Argentina
58%
Justify My Love
57%
Cherish
56%
Open Your Heart
54%
Live to Tell
53%
Who's That Girl
52%
Crazy For You
51%
Sorry
51%
Take a Bow
49%
Don't Tell Me
48%
Beautiful Stranger
47%
American Life
46%
Dress You Up
46%
Hollywood
45%
This Used To Be My Playground
45%
Everybody
43%
Rain
43%
Deeper and Deeper
41%
Die Another Day
41%
Jump
41%
Burning Up
40%
Dear Jessie
40%
Hanky Panky
40%
Oh Father
40%
Secret
40%
Celebration
39%
The Power of Good-Bye
39%
What It Feels Like For a Girl
39%
Bedtime Story
38%
Give It 2 Me
38%
Human Nature
38%
Angel
35%
Causing a Commotion
35%
Fever
34%
Girl Gone Wild
34%
Nothing Really Matters
34%
Rescue Me
33%
Bad Girl
32%
Drowned World / Substitute For Love
32%
Get Together
32%
Give Me All Your Luvin'
32%
Love Profusion
31%
Miles Away
30%
You'll See
29%
Gambler
27%
Love Don't Live Here Anymore
27%
I'll Remember
26%
Keep It Together
26%
You Must Love Me
26%
Revolver
25%
Turn Up the Radio
25%
Another Suitcase in Another Hall
22%
Bye Bye Baby
21%
Spotlight
20%
Nothing Fails
19%
The Look of Love
18%
One More Chance
16%
Hey You
15%
Superstar
11%

Score Distribution

Percentile by Number Answered

Percent of People with Each Score

Your Score History

You have not taken this quiz